Zdokonaľovanie systému manažérstva kvality vo vybranom podniku diplomová práca

Na minha lista:
Detalhes bibliográficos
Autor principal: Michalčíková, Miroslava
Autor Corporativo: Podnikovohospodárska fakulta EU so sídlom v Košiciach. Katedra manažmentu
Outros Autores: Mizla, Martin, 1955-
Formato: Livro
Idioma:eslovaco
Publicado em: Košice 2017
Tags: Adicionar Tag
Sem tags, seja o primeiro a adicionar uma tag!

MARC

LEADER 00000nbm a2200000 4500
001 0235290
005 20171121123046.7
041 0 |a slo 
044 |a SK 
245 1 0 |a Zdokonaľovanie systému manažérstva kvality vo vybranom podniku  |b diplomová práca  |c Miroslava Michalčíková ; školiteľ: Martin Mizla 
264 1 |a Košice  |c 2017 
300 |a 96 s. 
100 1 |a Michalčíková, Miroslava 
700 1 |a Mizla, Martin, 1955- 
710 2 |a Podnikovohospodárska fakulta EU so sídlom v Košiciach. Katedra manažmentu